| 000 | 01079nam a22002415a 4500 | ||
|---|---|---|---|
| 003 | OSt | ||
| 005 | 20161217143819.0 | ||
| 008 | 161217s2008 ua frbb 000 0 ara d | ||
| 015 | _a2008/21349 | ||
| 020 | _a9789770458111 | ||
| 040 |
_aEG-ScBUE _bara _cEG-ScBUE |
||
| 082 | 0 | 4 |
_a341.448 _bد س و _222 |
| 100 | 1 | _aدسوقي، محمد عبد الرحمن. | |
| 245 | 1 | 2 |
_aالنظام القانوني للمرور البرئ للسفن الحربية الأجنبية في البحر الإقليمي للدولة الساحلية / _cمحمد عبد الرحمن الدسوقي. |
| 246 | 3 | _aالنظام القانوني للمرور البري للسفن الحربية الأجنبية في البحر الإقليمي للدولة الساحلية | |
| 260 |
_aالقاهرة : _bدار النهضة العربية، _c2008. |
||
| 300 |
_a288 ص. ؛ _c24 سم. |
||
| 504 | _aيشتمل غلى إرجاعات ببليوجرافية. | ||
| 650 | 7 |
_aالقانون الدولي البحري. _2BUEsh |
|
| 651 | _2BUEsh | ||
| 653 |
_bLLAAWW _cDecember2016 |
||
| 942 | _2ddc | ||
| 999 |
_c23604 _d23576 |
||